| 000 | 00547nam a22001817a 4500 | ||
|---|---|---|---|
| 003 | NUST | ||
| 038 | _aMr. Zahoor | ||
| 082 | _a510 | ||
| 100 |
_aTayyab, Noureen _917195 |
||
| 245 |
_aSurface Waves in Orthotropic Elastic Medium with Voids / _cNoureen Tayyab |
||
| 260 |
_aIslamabad : _bSNS - NUST, _c2017. |
||
| 300 |
_aiv, 56 p. : ill. ; _c30cm. |
||
| 500 | _aHardcover. | ||
| 650 |
_aMathematics - MS Thesis _916139 |
||
| 700 |
_aDr. Moniba Shams _916842 |
||
| 856 | _uhttp://10.250.8.41:8080/xmlui/handle/123456789/4238 | ||
| 942 |
_2ddc _cTHE |
||
| 999 |
_c526220 _d526220 |
||